The fiery way /

Bibliographic Details
Main Author: Schauwecker, Franz, 1890-
Other Authors: Holland, Thonald
Format: Book
Language:English
German
Published: New York : E. P. Dutton, 1929.
Subjects:

MARC

Tag First Indicator Second Indicator Subfields
LEADER 00000cam a2200000 i 4500
001 in00000278607
005 20170405165831.0
008 780810s1929 nyu 00011 eng d
035 |a (OCoLC)04124519 
035 |9 ABE8044AM 
040 |a TMS  |c TMS  |d TXA  |d UtOrBLW 
041 1 |a eng  |a ger 
049 |a TXAM  |c [1591548] 
090 |a PT2638.A89  |b F54 1929 
100 1 |a Schauwecker, Franz,  |d 1890- 
245 1 4 |a The fiery way /  |c by Franz Schauwecker ; translated by Thonald Holland ; with an introduction by John Brophy. 
264 1 |a New York :  |b E. P. Dutton,  |c 1929. 
300 |a ix, 252 pages ;  |c 19 cm. 
336 |a text  |b txt  |2 rdacontent 
337 |a unmediated  |b n  |2 rdamedia 
338 |a volume  |b nc  |2 rdacarrier 
500 |a Translation of Der feurige Weg. 
650 0 |a World War, 1914-1918  |v Fiction. 
700 1 |a Holland, Thonald. 
999 |a MARS 
999 f f |s a6876dc9-0f0b-3ee5-9010-0bbfff7f4574  |i 914dab21-57d7-3a85-b7e6-b3e3adb84536  |t 0 
952 f f |p normal  |a Texas A&M University  |b College Station  |c Sterling C. Evans Library  |d Evans: Library Stacks  |t 0  |e PT2638.A89 F54 1929  |h Library of Congress classification  |i unmediated -- volume  |m A14804277232 
998 f f |a PT2638.A89 F54 1929  |t 0  |l Evans: Library Stacks